[Event "Gibraltar Chess Festival"]
[Site "Gibraltar ENG"]
[Date "2008.01.29"]
[EventDate "2008.01.22"]
[Round "8"]
[Result "1/2-1/2"]
[White "Ruben Felgaer"]
[Black "Wang Hao"]
[WhiteElo "2539"]
[BlackElo "2665"]
[PlyCount "78"]

1. e4 c5 2. Nf3 Nc6 3. d4 cxd4 4. Nxd4 Nf6 5. Nc3 e5 6. Ndb5
d6 7. Bg5 a6 8. Na3 b5 9. Nd5 Be7 10. Bxf6 Bxf6 11. c3 Bg5
12. Nc2 Ne7 13. h4 Bh6 14. a4 bxa4 15. Ncb4 O-O 16. Qxa4 a5
17. Bb5 Nxd5 18. Nxd5 Be6 19. Bc6 Rb8 20. b4 axb4 21. cxb4
Bxd5 22. Bxd5 Qb6 23. Rb1 Qd4 24. O-O Bd2 25. Rfd1 Rxb4
26. Rxb4 Qxb4 27. Qa2 Bc3 28. Rb1 Qa5 29. Bxf7+ Kh8 30. Qxa5
Bxa5 31. Rb7 g6 32. g3 Be1 33. Rd7 Bxf2+ 34. Kxf2 Kg7 35. Ke3
Rxf7 36. Rxd6 Ra7 37. Re6 Ra3+ 38. Kf2 Ra2+ 39. Kf3 Ra3+
1/2-1/2

[Event "Gibraltar Chess Festival"]
[Site "Gibraltar ENG"]
[Date "2008.01.30"]
[EventDate "2008.01.22"]
[Round "9.8"]
[Result "1-0"]
[White "Wang Hao"]
[Black "Manuel Leon Hoyos"]
[WhiteElo "2665"]
[BlackElo "2495"]
[PlyCount "143"]

1. e4 c5 2. Nf3 e6 3. d4 cxd4 4. Nxd4 a6 5. Bd3 Bc5 6. Nb3 Ba7
7. O-O Nc6 8. Nc3 Nge7 9. Bg5 b5 10. Kh1 O-O 11. a3 d6 12. f4
f6 13. Bh4 Bb7 14. Qg4 Qc8 15. Rae1 e5 16. f5 Nd4 17. Nd2 Qe8
18. Nd1 Qf7 19. c3 Nb3 20. Nxb3 Qxb3 21. Rf3 Qf7 22. Bf2 d5
23. Bxa7 Rxa7 24. Nf2 Rd8 25. Rg3 Ba8 26. Bc2 dxe4 27. Bxe4
Nd5 28. Nd3 Rc7 29. h3 Rc4 30. Nf2 Nf4 31. Bxa8 Rxa8 32. Ne4
Rd8 33. Kh2 Kh8 34. Rge3 Rcc8 35. g3 Nd3 36. R1e2 Nc5 37. Nf2
a5 38. b4 axb4 39. axb4 Na4 40. Ne4 Rd5 41. Qf3 Nb6 42. Rd3
Rcd8 43. Rxd5 Qxd5 44. Rd2 Qa8 45. Rxd8+ Qxd8 46. Qe3 Na4
47. g4 h6 48. Kg3 Nb6 49. Qd2 Qc7 50. Qd6 Qa7 51. Nxf6 gxf6
52. Qxf6+ Kg8 53. Qg6+ Kf8 54. Qxh6+ Kg8 55. Qg6+ Kf8 56. Qf6+
Kg8 57. Qxe5 Nc4 58. Qe6+ Kh7 59. f6 Qc7+ 60. Kh4 Ne5 61. Kh5
Ng6 62. Qe4 Qe5+ 63. Qxe5 Nxe5 64. g5 Ng6 65. Kg4 Ne5+ 66. Kf4
Ng6+ 67. Kf5 Nh4+ 68. Kg4 Ng2 69. h4 Ne3+ 70. Kf4 Nd5+ 71. Ke5
Nxc3 72. h5 1-0

[Event "Reykjavik Open"]
[Site "Reykjavik ISL"]
[Date "2008.03.05"]
[EventDate "2008.03.03"]
[Round "3"]
[Result "1/2-1/2"]
[White "Wang Hao"]
[Black "Nils Grandelius"]
[WhiteElo "2665"]
[BlackElo "2371"]
[PlyCount "45"]

1. d4 Nf6 2. c4 e6 3. Nc3 Bb4 4. Qc2 O-O 5. a3 Bxc3+ 6. Qxc3
b6 7. Bg5 Ba6 8. Qf3 Nc6 9. e3 Bb7 10. Bxf6 Qxf6 11. Qxf6 gxf6
12. b4 Ne7 13. Ne2 c5 14. Rd1 cxb4 15. axb4 a5 16. b5 Rfc8
17. Nc3 a4 18. Ra1 a3 19. Nb1 Be4 20. Nd2 Bg6 21. Be2 d5
22. O-O a2 23. Rfc1 1/2-1/2

[Event "Reykjavik Open"]
[Site "Reykjavik ISL"]
[Date "2008.03.06"]
[EventDate "2008.03.03"]
[Round "4"]
[Result "0-1"]
[White "Vidmantas Vaclovich Malisauskas"]
[Black "Wang Hao"]
[WhiteElo "2489"]
[BlackElo "2665"]
[PlyCount "104"]

1. e4 c5 2. Nf3 d6 3. Bb5+ Nc6 4. d4 cxd4 5. Qxd4 Bd7 6. Bxc6
Bxc6 7. Nc3 Nf6 8. Bg5 e6 9. O-O-O Be7 10. Rhe1 O-O 11. e5
dxe5 12. Qh4 Qc7 13. Nxe5 Rac8 14. Ng4 Nd5 15. Rxd5 f6
16. Nxf6+ Bxf6 17. Rd3 Bxg5+ 18. Qxg5 Rxf2 19. g3 Rxh2
20. Rxe6 h6 21. Qe3 Rh1+ 22. Kd2 Qf7 23. Red6 Kh7 24. R3d4 Re8
25. Qd3+ Kh8 26. Rd8 Rh2+ 27. Kc1 Rh1+ 28. Kd2 Rhe1 29. Rxe8+
Rxe8 30. Rd8 a6 31. Rxe8+ Qxe8 32. Ne2 Qe5 33. Nf4 Be4
34. Qd8+ Kh7 35. c3 Qf5 36. Qe7 Bc6 37. Ke3 Qg4 38. Ne2 Qf3+
39. Kd2 Qd5+ 40. Nd4 Qxa2 41. Qb4 Qd5 42. Qf8 Qg5+ 43. Qf4 Kg6
44. Ke3 Qxf4+ 45. gxf4 Kf6 46. c4 g5 47. b4 h5 48. fxg5+ Kxg5
49. Nxc6 bxc6 50. Kd4 h4 51. Kc5 h3 52. Kxc6 h2 0-1

[Event "Reykjavik Open"]
[Site "Reykjavik ISL"]
[Date "2008.03.07"]
[EventDate "2008.03.03"]
[Round "5"]
[Result "1-0"]
[White "Wang Hao"]
[Black "Espen Lie"]
[WhiteElo "2665"]
[BlackElo "2428"]
[PlyCount "97"]

1. c4 e6 2. Nc3 c5 3. Nf3 Nc6 4. g3 Nf6 5. Bg2 Be7 6. d4 d5
7. cxd5 Nxd5 8. Nxd5 Qxd5 9. O-O Nxd4 10. Nxd4 Qxd4 11. Qc2
O-O 12. Rd1 Qf6 13. Be3 Rb8 14. Be4 h6 15. Bxc5 b6 16. Be3 Bb7
17. Bxb7 Rxb7 18. Rac1 Bc5 19. Bxc5 bxc5 20. b3 Rc8 21. Rd3
Qf5 22. Rcd1 Rbc7 23. Qc4 Qe5 24. Kg2 Kh7 25. Rd6 g6 26. Rd7
Kg7 27. h3 h5 28. R1d2 Rb8 29. Rxc7 Qxc7 30. Rc2 a5 31. Qxc5
Qxc5 32. Rxc5 a4 33. bxa4 Rb2 34. Kf3 Rxa2 35. a5 Kf6 36. Rb5
Ke7 37. g4 hxg4+ 38. hxg4 Kf6 39. g5+ Kg7 40. Ke3 Ra4 41. Kd3
Ra2 42. f4 Ra3+ 43. Kc2 Re3 44. a6 Ra3 45. Rb6 e5 46. fxe5 Ra5
47. Kc3 Rxe5 48. a7 Ra5 49. Rb7 1-0

[Event "Reykjavik Open"]
[Site "Reykjavik ISL"]
[Date "2008.03.09"]
[EventDate "2008.03.03"]
[Round "7"]
[Result "1-0"]
[White "Wang Hao"]
[Black "Fabiano Caruana"]
[WhiteElo "2665"]
[BlackElo "2598"]
[PlyCount "53"]

1. d4 d5 2. c4 c6 3. Nf3 Nf6 4. Nc3 dxc4 5. a4 Bf5 6. Ne5 Nbd7
7. Nxc4 Nb6 8. Ne5 a5 9. g3 Nfd7 10. Nxd7 Qxd7 11. e4 Bh3
12. Bxh3 Qxh3 13. Qb3 Ra6 14. Bf4 e6 15. Be5 Bb4 16. Bxg7 Rg8
17. Be5 Qg2 18. O-O-O Bxc3 19. bxc3 Qxe4 20. c4 Qe2 21. c5 Nd5
22. Rde1 Qh5 23. Qxb7 Nb4 24. Bd6 Qg5+ 25. f4 Qd8 26. Rxe6+
fxe6 27. Qxh7 1-0

[Event "Reykjavik Open"]
[Site "Reykjavik ISL"]
[Date "2008.03.10"]
[EventDate "2008.03.03"]
[Round "8"]
[Result "1/2-1/2"]
[White "Wang Yue"]
[Black "Wang Hao"]
[WhiteElo "2698"]
[BlackElo "2665"]
[PlyCount "32"]

1. d4 d5 2. c4 c6 3. Nf3 Nf6 4. e3 Bf5 5. Nc3 e6 6. Nh4 Bg6
7. Nxg6 hxg6 8. Bd2 Nbd7 9. g3 Bb4 10. Qb3 Ba5 11. Bg2 O-O
12. O-O Nb6 13. cxd5 exd5 14. Rad1 Re8 15. Bc1 Qd7 16. Qc2 g5
1/2-1/2

[Event "Reykjavik Open"]
[Site "Reykjavik ISL"]
[Date "2008.03.11"]
[EventDate "2008.03.03"]
[Round "9"]
[Result "1/2-1/2"]
[White "Wang Hao"]
[Black "Hannes Hlifar Stefansson"]
[WhiteElo "2665"]
[BlackElo "2564"]
[PlyCount "75"]

1. e4 e5 2. Nf3 Nc6 3. Bb5 a6 4. Ba4 Nf6 5. O-O b5 6. Bb3 Bb7
7. d3 Be7 8. Nc3 O-O 9. Bd2 d6 10. Ne2 Bc8 11. c3 Na5 12. Bc2
Bg4 13. Ng3 Nd7 14. b4 Nb7 15. a4 Nb6 16. a5 Nd7 17. h3 Be6
18. d4 c6 19. Re1 Rc8 20. Be3 f6 21. Qd2 Re8 22. Rad1 Bf8
23. Bb1 g6 24. Ba2 Qe7 25. Bxe6+ Qxe6 26. Nh2 Nd8 27. f4 exf4
28. Bxf4 Nf7 29. Re2 Bg7 30. Nf3 Qe7 31. Rde1 Nf8 32. Kh1 Qc7
33. Qa2 Kh8 34. c4 bxc4 35. Qxc4 Qb7 36. Bd2 Ne6 37. Qa2 Kg8
38. Bc3 1/2-1/2

[Event "TCh-CHN A"]
[Site "WEN ZHOU"]
[Date "2008.03.26"]
[EventDate "2008.03.26"]
[Round "1"]
[Result "1/2-1/2"]
[White "Wang Hao"]
[Black "Wu Wenjin"]
[WhiteElo "2684"]
[BlackElo "2442"]
[PlyCount "71"]

1. e4 e5 2. Nf3 Nf6 3. Nxe5 d6 4. Nf3 Nxe4 5. d4 d5 6. Bd3 Nc6
7. O-O Be7 8. Nc3 Bf5 9. Re1 Nxc3 10. bxc3 Bxd3 11. Qxd3 O-O
12. Rb1 Na5 13. Qf5 c6 14. h4 Nc4 15. Bf4 b5 16. h5 Re8
17. Ne5 Nxe5 18. Bxe5 Qc8 19. Qf3 f6 20. Bg3 Qd7 21. h6 g6
22. Re2 Kf7 23. Rbe1 Qf5 24. Qe3 Qd7 25. Qf3 Bf8 26. Bh4 Qf5
27. Rxe8 Rxe8 28. Rxe8 Kxe8 29. Qg3 Be7 30. Qc7 Qe6 31. Qb8+
Bd8 32. Qxa7 Qd7 33. Qa8 Kf7 34. Bg3 g5 35. a4 bxa4 36. Qxa4
1/2-1/2

[Event "TCh-CHN A"]
[Site "WEN ZHOU"]
[Date "2008.03.27"]
[EventDate "2008.03.26"]
[Round "2"]
[Result "1/2-1/2"]
[White "Wang Hao"]
[Black "Zhao Jun"]
[WhiteElo "2684"]
[BlackElo "2566"]
[PlyCount "42"]

1. d4 d5 2. c4 c6 3. Nf3 Nf6 4. Nc3 a6 5. c5 Bf5 6. Bf4 Nbd7
7. e3 e6 8. Be2 Be7 9. Nd2 Bg6 10. g4 h6 11. b4 Nh7 12. Bg3
O-O 13. h4 f5 14. h5 Be8 15. Bd3 fxg4 16. Qxg4 Bf7 17. Qd1
Nhf6 18. a3 a5 19. Be2 axb4 20. axb4 Rxa1 21. Qxa1 Qa8 1/2-1/2

[Event "Karpov Poikovsky"]
[Site "Poikovsky RUS"]
[Date "2008.07.09"]
[EventDate "2008.07.08"]
[Round "2"]
[Result "1/2-1/2"]
[White "Alexander Onischuk"]
[Black "Wang Hao"]
[WhiteElo "2670"]
[BlackElo "2691"]
[PlyCount "77"]

1. d4 d5 2. c4 c6 3. Nf3 Nf6 4. Nc3 a6 5. a4 e6 6. Bg5 a5
7. e3 Na6 8. Be2 Be7 9. O-O O-O 10. Qb3 Nb4 11. Na2 Nxa2
12. Qxa2 Nd7 13. Bxe7 Qxe7 14. Rfc1 dxc4 15. Bxc4 e5 16. Qa3
Qxa3 17. bxa3 exd4 18. Nxd4 g6 19. f3 Rd8 20. Rab1 Kf8 21. Kf2
Ke7 22. g4 Nc5 23. Be2 Rd5 24. Rc4 Nd7 25. e4 Rc5 26. Rcc1 h5
27. h3 hxg4 28. hxg4 Rxc1 29. Rxc1 Nf8 30. f4 Ne6 31. Ke3 Nxd4
32. Kxd4 Bd7 33. Rb1 b5 34. axb5 cxb5 35. Bxb5 Rb8 36. a4 Bxg4
37. Rc1 Rd8+ 38. Ke3 Rc8 39. Rxc8 1/2-1/2

[Event "Karpov Poikovsky"]
[Site "Poikovsky RUS"]
[Date "2008.07.10"]
[EventDate "2008.07.08"]
[Round "3"]
[Result "1/2-1/2"]
[White "Wang Hao"]
[Black "Andrei Volokitin"]
[WhiteElo "2691"]
[BlackElo "2672"]
[PlyCount "45"]

1. e4 e5 2. Nf3 Nf6 3. Nxe5 d6 4. Nf3 Nxe4 5. d4 d5 6. Bd3 Nc6
7. O-O Be7 8. Nc3 Bf5 9. Qe1 Bb4 10. Qe3 Bxc3 11. bxc3 O-O
12. c4 Re8 13. Ne5 Nd6 14. cxd5 Bxd3 15. Qxd3 Nxe5 16. dxe5
Rxe5 17. Bb2 Re4 18. Rae1 Qe7 19. Rxe4 Qxe4 20. Qc3 f6
21. Qxc7 Qxd5 22. Qd7 Qxa2 23. Bxf6 1/2-1/2

[Event "Karpov Poikovsky"]
[Site "Poikovsky RUS"]
[Date "2008.07.11"]
[EventDate "2008.07.08"]
[Round "4"]
[Result "1/2-1/2"]
[White "Alexey Shirov"]
[Black "Wang Hao"]
[WhiteElo "2741"]
[BlackElo "2691"]
[PlyCount "72"]

1. e4 e5 2. Nf3 Nc6 3. Bb5 Nf6 4. O-O Nxe4 5. d4 Nd6 6. Bxc6
dxc6 7. dxe5 Nf5 8. Qxd8+ Kxd8 9. Nc3 Ke8 10. h3 Be7 11. Bg5
Bxg5 12. Nxg5 h6 13. Nf3 h5 14. Rad1 Ke7 15. Ng5 a5 16. Rd2 g6
17. Nce4 a4 18. g4 hxg4 19. hxg4 Ng7 20. Nf6 Ne6 21. Nxe6 Bxe6
22. a3 Ra5 23. f4 Rb5 24. f5 Bc8 25. Re2 Rxb2 26. Kg2 Ra2
27. Rf3 gxf5 28. gxf5 b6 29. Kg3 Ra1 30. Rg2 Rd1 31. Kf4 c5
32. Rg8 Rxg8 33. Nxg8+ Kd8 34. Nh6 Ke7 35. Ng8+ Kf8 36. Nf6
Ke7 1/2-1/2

[Event "Karpov Poikovsky"]
[Site "Poikovsky RUS"]
[Date "2008.07.14"]
[EventDate "2008.07.08"]
[Round "6"]
[Result "0-1"]
[White "Emil Davidovich Sutovsky"]
[Black "Wang Hao"]
[WhiteElo "2654"]
[BlackElo "2691"]
[PlyCount "80"]

1. e4 e6 2. d4 d5 3. Nc3 Nf6 4. Bg5 Bb4 5. e5 h6 6. Be3 Ne4
7. Qg4 g6 8. a3 Bxc3+ 9. bxc3 c5 10. Bd3 h5 11. Qf3 Nxc3
12. dxc5 Nc6 13. Qf4 d4 14. Bd2 g5 15. Qxg5 Qxg5 16. Bxg5 Nxe5
17. Nf3 Rg8 18. Bf6 Nxd3+ 19. cxd3 Nd5 20. Bxd4 Rxg2 21. Be5
Rg4 22. h3 Ra4 23. Rg1 f6 24. Bb2 Kf7 25. d4 b6 26. cxb6 Nxb6
27. Nd2 Rb8 28. Rg3 Nd5 29. Rb3 Rxb3 30. Nxb3 Ra6 31. Nc5 Rb6
32. Bc1 h4 33. Bd2 e5 34. dxe5 Bxh3 35. Nd3 Bg2 36. Nf4 h3
37. Nxd5 h2 38. Ke2 Bxd5 39. f3 Rb3 40. Be3 f5 0-1

[Event "Karpov Poikovsky"]
[Site "Poikovsky RUS"]
[Date "2008.07.15"]
[EventDate "2008.07.08"]
[Round "7"]
[Result "1/2-1/2"]
[White "Wang Hao"]
[Black "Dmitry Jakovenko"]
[WhiteElo "2691"]
[BlackElo "2709"]
[PlyCount "91"]

1. d4 Nf6 2. c4 e6 3. Nc3 Bb4 4. Qc2 d5 5. a3 Bxc3+ 6. Qxc3
dxc4 7. Qxc4 b6 8. Bf4 Ba6 9. Qxc7 Qxc7 10. Bxc7 Nc6 11. Nf3
Rc8 12. Bf4 O-O 13. Rb1 Rfd8 14. e3 Bxf1 15. Rxf1 Ne4 16. Ke2
Na5 17. Rfd1 Nb3 18. Ne1 g5 19. Bg3 f5 20. Be5 Kf7 21. f3 Nf6
22. Kf2 Nd5 23. g3 a5 24. h4 gxh4 25. gxh4 a4 26. e4 Ne7
27. Ke3 Na5 28. h5 Nc4+ 29. Kf2 Nc6 30. Nd3 fxe4 31. fxe4
N6xe5 32. Nxe5+ Nxe5 33. dxe5 Rxd1 34. Rxd1 Rc2+ 35. Ke3 Rxb2
36. Rd7+ Kg8 37. Ra7 b5 38. Kd4 Rb3 39. Kc5 Rxa3 40. Kxb5 Rh3
41. Kc5 Rxh5 42. Kd6 Rh4 43. Rxa4 Kf7 44. Ra7+ Kg6 45. Ra4 Kf7
46. Ra7+ 1/2-1/2

[Event "Karpov Poikovsky"]
[Site "Poikovsky RUS"]
[Date "2008.07.17"]
[EventDate "2008.07.08"]
[Round "9"]
[Result "1/2-1/2"]
[White "Wang Hao"]
[Black "Vugar Gashimov"]
[WhiteElo "2691"]
[BlackElo "2717"]
[PlyCount "29"]

1. e4 e5 2. Nf3 Nf6 3. Nxe5 d6 4. Nf3 Nxe4 5. d4 d5 6. Bd3 Nc6
7. O-O Be7 8. c4 Nb4 9. Re1 Nxd3 10. Qxd3 Nf6 11. c5 O-O
12. Nc3 Re8 13. Bf4 c6 14. b4 g6 15. Ne5 1/2-1/2

[Event "Russia - China Match"]
[Site "Ningbo CHN"]
[Date "2008.09.18"]
[EventDate "2008.09.19"]
[Round "1"]
[Result "1-0"]
[White "Wang Hao"]
[Black "Dmitry Jakovenko"]
[WhiteElo "2658"]
[BlackElo "2735"]
[PlyCount "85"]

1. d4 Nf6 2. c4 e6 3. Nf3 b6 4. g3 Ba6 5. b3 Bb4+ 6. Bd2 Be7
7. Bg2 c6 8. O-O d5 9. Qc2 Nbd7 10. Rd1 O-O 11. Bf4 Rc8
12. Nc3 Qe8 13. e4 dxc4 14. bxc4 Bxc4 15. Nd2 Ba6 16. Qa4 Bd3
17. Nb3 Bc2 18. Rdc1 Bxb3 19. axb3 e5 20. dxe5 Ng4 21. Bh3
Ndxe5 22. Bxe5 Nxe5 23. Bxc8 Qxc8 24. Nd5 Qe6 25. Nxe7+ Qxe7
26. Rc3 g5 27. f4 Ng6 28. e5 Rd8 29. Qe4 c5 30. fxg5 Re8
31. e6 fxe6 32. Rf3 a5 33. h4 Qd6 34. Re1 b5 35. Kg2 c4
36. bxc4 b4 37. Qb7 Ne7 38. Qe4 a4 39. c5 Qd2+ 40. Re2 Qd7
41. Qxb4 Nf5 42. Qe4 Rc8 43. Rd3 1-0

[Event "Russia - China Match"]
[Site "Ningbo CHN"]
[Date "2008.09.19"]
[EventDate "2008.09.19"]
[Round "2"]
[Result "0-1"]
[White "Ernesto Inarkiev"]
[Black "Wang Hao"]
[WhiteElo "2684"]
[BlackElo "2658"]
[PlyCount "98"]

1. d4 Nf6 2. c4 e6 3. Nf3 b6 4. g3 Ba6 5. b3 d5 6. Bg2 Bb4+
7. Bd2 Bxd2+ 8. Nbxd2 O-O 9. O-O Qe7 10. Ne5 c5 11. dxc5 bxc5
12. e4 dxc4 13. Ndxc4 Nfd7 14. Re1 Nxe5 15. Nxe5 Qc7 16. f4
Rd8 17. Qh5 Bb7 18. Rac1 Na6 19. Bf1 Rd2 20. a3 Rad8 21. Bc4
g6 22. Qh6 Qd6 23. Nf3 Ra2 24. Rc3 Qf8 25. Qh4 Nc7 26. f5 Rd7
27. Rce3 Qe7 28. f6 Qf8 29. g4 Qd8 30. g5 Ba6 31. Qh6 Qf8
32. Rc3 Qxh6 33. gxh6 Rxa3 34. Ne5 Rd4 35. Rec1 Kf8 36. Bf1
Bxf1 37. Rxc5 Ne8 38. Rc7 Nxc7 39. Rxc7 Bb5 40. Rxf7+ Ke8
41. Rb7 Rd1+ 42. Kf2 Rd2+ 43. Kg3 Rxb3+ 44. Kf4 Rf2+ 45. Nf3
Rfxf3+ 46. Ke5 Bd7 47. f7+ Ke7 48. f8=Q+ Kxf8 49. Rxd7 Rf7 0-1

[Event "Russia - China Match"]
[Site "Ningbo CHN"]
[Date "2008.09.20"]
[EventDate "2008.09.19"]
[Round "3"]
[Result "1/2-1/2"]
[White "Evgeny Tomashevsky"]
[Black "Wang Hao"]
[WhiteElo "2658"]
[BlackElo "2658"]
[PlyCount "93"]

1. d4 Nf6 2. c4 e6 3. Nc3 Bb4 4. e3 O-O 5. Nge2 d5 6. a3 Be7
7. cxd5 exd5 8. g3 Re8 9. Bg2 a5 10. O-O Na6 11. Bd2 c6
12. Qc2 Nc7 13. Kh1 Ne6 14. Rab1 Bf8 15. b4 axb4 16. axb4 g6
17. f3 b6 18. Rfd1 h5 19. Bc1 Bg7 20. Qd2 Bb7 21. Qe1 Qe7
22. e4 dxe4 23. fxe4 Rad8 24. h3 Ba6 25. e5 Nd5 26. Nxd5 cxd5
27. b5 Bb7 28. Nf4 Nxf4 29. Bxf4 Rc8 30. Qf2 Rc4 31. Rf1 Rec8
32. Rb2 Qe6 33. Bg5 Rc3 34. Kh2 R8c7 35. Qd2 Kh7 36. Rf2 Bc8
37. Qf4 Kg8 38. Bf6 Bf8 39. Qh4 R7c4 40. Rbd2 Bh6 41. g4 Bxd2
42. Rxd2 Rc2 43. Rxc2 Rxc2 44. gxh5 Qf5 45. hxg6 Rxg2+
46. Kxg2 Qxg6+ 47. Qg3 1/2-1/2

[Event "Russia - China Match"]
[Site "Ningbo CHN"]
[Date "2008.09.21"]
[EventDate "2008.09.18"]
[Round "4"]
[Result "1/2-1/2"]
[White "Wang Hao"]
[Black "Peter Svidler"]
[WhiteElo "2691"]
[BlackElo "2738"]
[PlyCount "39"]

1. e4 c5 2. Nf3 e6 3. d4 cxd4 4. Nxd4 a6 5. Bd3 Bc5 6. Nb3 Be7
7. O-O d6 8. Qg4 g6 9. Qe2 Nd7 10. c4 b6 11. Nc3 Bb7 12. Bf4
Ngf6 13. h3 O-O 14. Rfd1 Rc8 15. a4 Qc7 16. a5 Ne5 17. Be3
Nfd7 18. Qc2 Nc6 19. axb6 Nxb6 20. Nd5 1/2-1/2

[Event "Russia - China Match"]
[Site "Ningbo CHN"]
[Date "2008.09.22"]
[EventDate "2008.09.18"]
[Round "5"]
[Result "1/2-1/2"]
[White "Evgeny Alekseev"]
[Black "Wang Hao"]
[WhiteElo "2708"]
[BlackElo "2691"]
[PlyCount "51"]

1. e4 e5 2. Nf3 Nc6 3. Bb5 a6 4. Ba4 Nf6 5. O-O Be7 6. Re1 b5
7. Bb3 d6 8. c3 O-O 9. h3 Bb7 10. d4 Re8 11. Ng5 Rf8 12. Nf3
Re8 13. Nbd2 Bf8 14. Bc2 Nb8 15. b3 Nbd7 16. a4 c6 17. Bd3 g6
18. Qc2 Bg7 19. Ba3 Qc7 20. Rad1 d5 21. Nxe5 Nxe5 22. dxe5
Qxe5 23. Nf3 Qh5 24. e5 Nd7 25. Bd6 bxa4 26. bxa4 1/2-1/2

[Event "Mindsports"]
[Site "Beijing CHN"]
[Date "2008.10.04"]
[EventDate "2008.10.04"]
[Round "2"]
[Result "1-0"]
[White "Yuri Drozdovskij"]
[Black "Wang Hao"]
[WhiteElo "2587"]
[BlackElo "2696"]
[PlyCount "155"]

1. d4 Nf6 2. c4 g6 3. g3 d5 4. cxd5 Nxd5 5. Bg2 Bg7 6. e4 Nb6
7. Ne2 O-O 8. O-O Na6 9. Nbc3 c5 10. d5 e6 11. Nf4 exd5
12. Nfxd5 Nxd5 13. Nxd5 Be6 14. Be3 Rc8 15. Qd2 Nb4 16. Rac1
b6 17. Nxb4 Qxd2 18. Bxd2 cxb4 19. Bxb4 Bxb2 20. Rb1 Rc2
21. Bxf8 Kxf8 22. a4 Bd4 23. Rbc1 Ra2 24. Rc7 Rxa4 25. Rd1 b5
26. Bf1 Bb6 27. Rc2 Rb4 28. Kg2 Kg7 29. Rdd2 a5 30. Rc6 Bd4
31. Bxb5 Bb2 32. Ba4 Bf6 33. Bd1 Rxe4 34. Bf3 Re5 35. Ra6 Rc5
36. Be2 Bb3 37. Bd1 Bd5+ 38. Bf3 Bb3 39. Ra7 h5 40. h4 Be6
41. Rd3 Bb2 42. Rd2 Bf6 43. Re2 Bc4 44. Re3 Rb5 45. Ra3 Bd8
46. Rc3 Be6 47. Rc2 Bf6 48. Re2 Bc4 49. Rc2 Be6 50. Be2 Re5
51. Bc4 Bf5 52. Rxf7+ Kh6 53. Re2 Rxe2 54. Bxe2 Bc3 55. Ra7
Be4+ 56. Bf3 Bf5 57. Bd5 Bd3 58. Kf3 g5 59. Ke3 Bb5 60. Rb7
Ba4 61. Rb6+ Kg7 62. hxg5 Bb4 63. Kf4 Bd2+ 64. Ke5 Bxg5
65. Rb7+ Kh8 66. f4 Bh6 67. f5 Bc2 68. f6 a4 69. Rb8+ Kh7
70. Bg8+ Kg6 71. Bd5 a3 72. Ra8 Bc1 73. f7 Bb2+ 74. Kd6 Bg7
75. Rg8 Kh7 76. f8=Q Bxf8+ 77. Rxf8 Bd1 78. Ra8 1-0

[Event "Mindsports"]
[Site "Beijing CHN"]
[Date "2008.10.04"]
[EventDate "2008.10.04"]
[Round "3"]
[Result "0-1"]
[White "Alexander Anatolyevich Shabalov"]
[Black "Wang Hao"]
[WhiteElo "2585"]
[BlackElo "2696"]
[PlyCount "46"]

1. e4 c5 2. Nf3 d6 3. d4 cxd4 4. Nxd4 Nf6 5. Nc3 a6 6. Bg5 e6
7. Qe2 Qc7 8. O-O-O b5 9. f4 b4 10. Nd5 exd5 11. exd5+ Be7
12. Bxf6 gxf6 13. Qh5 Nd7 14. Ne6 Qa5 15. Ng7+ Kd8 16. Qxf7
Nc5 17. Bc4 b3 18. Rhe1 Ra7 19. cxb3 Bg4 20. Rxe7 Rxe7
21. Qxf6 Qxa2 22. Qxd6+ Nd7 23. Ne6+ Rxe6 0-1

[Event "Mindsports"]
[Site "Beijing CHN"]
[Date "2008.10.04"]
[EventDate "2008.10.04"]
[Round "5"]
[Result "1/2-1/2"]
[White "Ehsan Ghaem Maghami"]
[Black "Wang Hao"]
[WhiteElo "2599"]
[BlackElo "2696"]
[PlyCount "139"]

1. c4 Nf6 2. Nc3 e5 3. Nf3 Nc6 4. d3 d5 5. cxd5 Nxd5 6. g3 Nb6
7. Bg2 Be7 8. O-O g5 9. a4 a5 10. Be3 g4 11. Nd2 h5 12. Nc4
Be6 13. Nxb6 cxb6 14. Rc1 h4 15. Nb5 Rc8 16. d4 exd4 17. Nxd4
hxg3 18. hxg3 Bd5 19. Nxc6 Bxc6 20. Qd4 Qxd4 21. Bxd4 Rh5
22. Bxb6 Bf6 23. b3 Ke7 24. Bxc6 bxc6 25. Kg2 Ke6 26. Rfd1 Bb2
27. Rc5 f5 28. e4 Rch8 29. exf5+ Kf6 30. Rxc6+ Kxf5 31. Rd5+
Ke4 32. Rxh5 Rxh5 33. Rc4+ Kd3 34. Rxg4 Bc3 35. Rc4 Rd5
36. Be3 Kc2 37. Rc5 Rd7 38. Rb5 Bb4 39. g4 Kxb3 40. g5 Kxa4
41. Rb8 Kb3 42. g6 Rd6 43. Rb6 Rd7 44. f4 Kc4 45. f5 Bc3
46. f6 a4 47. f7 Bg7 48. Rb8 Rd6 49. Rg8 Rxg6+ 50. Kh3 Rf6
51. Rxg7 a3 52. Bg5 Rf1 53. Rg8 Rxf7 54. Ra8 Kb3 55. Kg4 Rb7
56. Bf6 a2 57. Kf5 Rb5+ 58. Ke4 Rb4+ 59. Kd3 Rb7 60. Bd4 Rb5
61. Ra7 Rb8 62. Ra6 Rb5 63. Ra8 Rb7 64. Ra6 Rb5 65. Rh6 Ka4
66. Ra6+ Kb3 67. Ra7 Rb4 68. Ra6 Rb7 69. Ra5 Rb4 70. Ra6
1/2-1/2

[Event "Mindsports"]
[Site "Beijing CHN"]
[Date "2008.10.04"]
[EventDate "2008.10.04"]
[Round "6"]
[Result "0-1"]
[White "Wang Hao"]
[Black "Bu Xiangzhi"]
[WhiteElo "2696"]
[BlackElo "2714"]
[PlyCount "56"]

1. d4 d5 2. c4 c6 3. Nf3 Nf6 4. Nc3 dxc4 5. a4 Bf5 6. Ne5 Nbd7
7. Nxc4 Qc7 8. g3 e5 9. dxe5 Nxe5 10. Bf4 Nfd7 11. Bg2 g5
12. Ne3 gxf4 13. Nxf5 O-O-O 14. Qc2 Ng6 15. Rc1 Kb8 16. O-O
fxg3 17. hxg3 h5 18. Nb5 Qb6 19. Nbd6 Nde5 20. a5 Qb4 21. Nxf7
Nxf7 22. a6 Rd2 23. Qb1 h4 24. axb7 Nfe5 25. Bxc6 hxg3
26. Nxg3 Bc5 27. Qf5 Qh4 28. Rxc5 Qh2+ 0-1

[Event "Mindsports"]
[Site "Beijing CHN"]
[Date "2008.10.04"]
[EventDate "2008.10.04"]
[Round "7"]
[Result "1-0"]
[White "Wang Hao"]
[Black "Gaby Livshits"]
[WhiteElo "2696"]
[BlackElo "2427"]
[PlyCount "47"]

1. e4 c5 2. Nf3 e6 3. d4 cxd4 4. Nxd4 a6 5. Bd3 g6 6. b3 Bg7
7. Bb2 Qb6 8. c3 Nc6 9. Nd2 Qc7 10. O-O Nge7 11. N2f3 O-O
12. Re1 d5 13. Nxc6 Nxc6 14. Qe2 dxe4 15. Bxe4 b5 16. c4 Bxb2
17. Qxb2 bxc4 18. Rac1 Bb7 19. Rxc4 Rac8 20. Qc1 Rfd8 21. Qh6
Qa5 22. h3 Rd7 23. Rec1 Ne7 24. Ng5 1-0

[Event "Mindsports"]
[Site "Beijing CHN"]
[Date "2008.10.04"]
[EventDate "2008.10.04"]
[Round "8"]
[Result "1-0"]
[White "Ni Hua"]
[Black "Wang Hao"]
[WhiteElo "2710"]
[BlackElo "2696"]
[PlyCount "105"]

1. e4 e5 2. Nf3 Nc6 3. Bc4 Nf6 4. d3 Bc5 5. c3 d6 6. Bb3 a6
7. O-O O-O 8. Be3 h6 9. Nbd2 Ng4 10. Bxc5 dxc5 11. Nc4 Re8
12. Qe2 Be6 13. h3 Nf6 14. Ne3 Nh5 15. Bxe6 Rxe6 16. Nd5 Nf4
17. Nxf4 exf4 18. Rad1 Qe7 19. Qc2 Re8 20. Rfe1 g5 21. d4 cxd4
22. cxd4 Rxe4 23. d5 Nb4 24. Qb3 Qc5 25. Rxe4 Rxe4 26. a3 Nc2
27. Rc1 Re2 28. Rf1 b5 29. Qd3 Qc4 30. Qf5 Nd4 31. Nxd4 Qxd4
32. h4 gxh4 33. Qg4+ Kh7 34. Qf5+ Kh8 35. Qc8+ Kh7 36. Qf5+
Kh8 37. Qc8+ Kh7 38. Qf5+ Kh8 39. Qxf7 Qg7 40. Qxf4 h3 41. g3
Qe5 42. Qxh6+ Kg8 43. Qxh3 Rxb2 44. Qg4+ Kf7 45. Qf3+ Kg7
46. Rd1 Re2 47. Kg2 Rc2 48. Rh1 Rd2 49. Qg4+ Kf8 50. Rh5 Qd4
51. Qf5+ Ke7 52. Rh7+ Kd6 53. Qe6+ 1-0

[Event "Mindsports"]
[Site "Beijing CHN"]
[Date "2008.10.04"]
[EventDate "2008.10.04"]
[Round "9"]
[Result "0-1"]
[White "Chanda Sandipan"]
[Black "Wang Hao"]
[WhiteElo "2579"]
[BlackElo "2696"]
[PlyCount "126"]

1. d4 Nf6 2. Nf3 e6 3. Bg5 h6 4. Bh4 b6 5. Nbd2 Bb7 6. e3 c5
7. Bd3 Be7 8. c3 d6 9. Qe2 Nbd7 10. e4 Nh5 11. Bg3 a6 12. O-O
Nxg3 13. hxg3 h5 14. e5 d5 15. Rfd1 Qc7 16. b3 g6 17. Rac1 Kf8
18. c4 Kg7 19. dxc5 Nxc5 20. cxd5 Bxd5 21. b4 h4 22. gxh4 Bxh4
23. bxc5 bxc5 24. Ne4 Be7 25. Qe3 c4 26. Bxc4 Bxc4 27. Nfd2
Qxe5 28. Nxc4 Qh2+ 29. Kf1 Rac8 30. Qd4+ Kg8 31. Qd7 Rc7
32. Qd4 Rh4 33. Nf6+ Kf8 34. Nd7+ Kg8 35. Qe5 Rxd7 36. Rxd7
Qh1+ 37. Ke2 Qxc1 38. Ne3 Qc5 39. Qb8+ Kg7 40. Qb7 Rb4
41. Qxa6 Rb2+ 42. Kf3 Qh5+ 43. Ng4 Qf5+ 44. Kg3 Bc5 45. Qf1
Rxa2 46. Rd3 Bxf2+ 47. Nxf2 Rxf2 48. Qxf2 Qxd3+ 49. Kh2 Qd6+
50. Kg1 e5 51. Qe2 f5 52. Qb5 Kf6 53. Qe8 Kg5 54. Qh8 e4
55. Qe8 Kg4 56. Qh8 Qg3 57. Qe8 g5 58. Qe6 Qe1+ 59. Kh2 Qh4+
60. Kg1 Kg3 61. Qe5+ Qf4 62. Qc3+ e3 63. Qc6 Qf2+ 0-1